000 00546nam a22001937a 4500
999 _c525600
_d525600
003 NUST
005 20190703070108.0
008 190703b ||||| |||| 00| 0 eng d
038 _aMr. Zahoor
082 _a530
100 _aTahir, Sana
_916514
245 _aNew Longitudinal Waves in Electron Quantum Plasma /
_cSana Tahir
260 _aIslambad :
_bSNS - NUST,
_c2018.
300 _av, 51 p. : ill. ;
_c30cm.
500 _aHardcover.
650 _aPhysics - MS Thesis
_916163
700 _aDr. Mudassir Ali Shah
_916515
942 _2ddc
_cTHE